000 00326nam a2200145Ia 4500
100 _aKristen/ Gerald
942 _cRB
654 _aComputer
245 _aObject orientation : The Kiss method
260 _bAddison Wesley Pub
_aWokingham
_c1994
082 _a5.11
_bKRI
300 _a487
546 _aENGLISH
999 _c34442
_d34442